000 00294nam a22001337a 4500
008 170601b xxu||||| |||| 00| 0 eng d
020 _a9780072317367
041 _aeng
080 _23RD
_a94(100)
100 _a17
101 _aSHH
245 _aORDEAL BY FIRE
_cPHERSON,J.M
942 _2udc
_cBK
999 _c15333
_d15333